| 000 | 00765nam a2200289Ia 4500 | ||
|---|---|---|---|
| 005 | 20260324123459.0 | ||
| 008 | 008 260324s9999 xx 000 0 eng d | ||
| 020 | _a9781315614083 | ||
| 037 | _aEBOOK | ||
| 040 | _aCRL | ||
| 040 | _beng | ||
| 040 | _cCRL | ||
| 041 | _2eng | ||
| 041 | _aeng | ||
| 084 | _qCRL | ||
| 100 |
_aMartin Klatt; Dorte Jagetic Andersen; Marie Sandberg _91170470 |
||
| 245 | 4 | _aThe Border Multiple | |
| 245 | 4 | _bThe Practicing of Borders between Public Policy and Everyday Life in a Re-scaling Europe | |
| 260 | _bTaylor and Francis | ||
| 260 | _c2012 | ||
| 365 | _a | ||
| 365 | _b240 | ||
| 856 | _uhttp://www.taylorfrancis.com/books/9781315614083 | ||
| 942 | _cEBOOK | ||
| 999 |
_c1764025 _d1764025 |
||